| 000 | 00572nam a2200193Ia 4500 | ||
|---|---|---|---|
| 008 | 151119s9999||||xx |||||||||||||| ||und|| | ||
| 082 | _a28.5 | ||
| 082 | _bGKKV15839 | ||
| 100 | _aजोशी द दा | ||
| 245 | _aक्रांतिकारकच्या कथा | ||
| 260 | _a-- | ||
| 260 | _b-- | ||
| 260 | _c0 | ||
| 600 | _aजोशी द दा | ||
| 630 | _aक्रांतिकारकच्या कथा | ||
| 700 | _aजोशी द दा | ||
| 730 | _aक्रांतिकारकच्या कथा | ||
| 942 | _cBOOK | ||
| 999 |
_c1069179 _d1069176 |
||